| 000 | 00759nam a2200229 a 4500 | ||
|---|---|---|---|
| 001 | 48003 | ||
| 003 | BD-RjUL | ||
| 005 | 20211209054435.0 | ||
| 008 | 160811s1999 bg ||||| |||| 00| j ben d | ||
| 020 | _c: Tk. 70.00 | ||
| 035 | _a(BD-RjUL) 48122 | ||
| 040 |
_aBD-RjUL _bben _cBD-RjUL |
||
| 041 | _aben | ||
| 082 |
_223 _a891.443 _bKHT 1999 |
||
| 100 | 1 |
_aখান, মাখরাজ _9145593 |
|
| 245 | 1 | 0 |
_aতাম্রকূট আদমী / _cমাখরাজ খান |
| 260 |
_aঢাকা : _bরোকসানা বিলকিস রুনা, _c১৯৯৯ |
||
| 300 |
_a৭৯ পৃ. ; _c২১ সেমি. |
||
| 650 |
_aবাংলা উপন্যাস _9145594 |
||
| 650 |
_aBengali Fiction _9145595 |
||
| 942 |
_2ddc _cBK |
||
| 999 |
_c48003 _d48003 |
||